00891nam a2200181Ia 4500999001700000041001200017082001200029100009900041245015900140260006600299300001500365536004600380650004200426650004800468650004500516942001200561952013600573 c27141d27141 aEnglish aRL.0047 aLakshmi, P. AdiuP.V.P. Siddhartha Institute of TechnologyvKanuru, Vijayawada, Andhra Pradesh 4aThe role of micro finance in the Empowerment of women :bAn empirical study with special reference to Krishna District, Andhra Pradesh / cP. Adi Lakshmi aNew Delhi :bIndian Council of Social Science Research,c2013 avii, 154p. aIndian Council of Social Science Research aMicro Finance zAndhra Pradesh, India aWomen in developmentzAndhra Pradesh, India aFinance, PersonalzAndhra Pradesh, India 2ddccRP 001040718IRPaNASSDOCbNASSDOCd2021-11-26eGifted by: RP Division ICSSRl0oRL.0047p51773r2021-12-03 00:00:00w2021-12-03yRP